00413nam a2200157Ia 4500003000500000008004100005020001800046040001900064082000700083100001800090245008100108260003600189300001000225365000800235546001200243STCL221019s9999 xx 000 0 und d a9789384294250 aSTCLcSTCLbEN 222 aTewari, Nimai 0aAdvanced organic chemistry: organic synthesis, heterocycles and biomolecules bBooks and AlliedaKolkatac2017 a834 p b625 aEnglish